| 000 | 00917nam a2200265 i 4500 | ||
|---|---|---|---|
| 001 | 8489 | ||
| 003 | ES-MaACL | ||
| 005 | 20250819063025.0 | ||
| 007 | t| | ||
| 008 | 920707s1991 sp ||||1| spa d | ||
| 017 |
_aSS 993-1991 _bOficina Depósito Legal Guipúzcoa |
||
| 020 | _a84-7728-219-6 | ||
| 080 | _a59:398.4 | ||
| 100 | 1 |
_aMalaxecheverría, Ignacio _eaut _975702 |
|
| 245 | 1 | 0 |
_aFauna fantástica de la península ibérica / _cpor Ignacio Malaxecheverría |
| 260 |
_aSan Sebastián : _bKriselu, _c[1991] |
||
| 300 |
_a284 páginas : _bilustraciones (blanco y negro y color) ; _c22 cm _e |
||
| 504 | _aBibliografía: páginas 253-265 | ||
| 650 | 0 |
_aAnimales fabulosos- _zEspaña _9241815 |
|
| 650 | 0 |
_aAnimales fabulosos- _zPortugal _9241816 |
|
| 852 | 4 |
_aES-MaACL _bR.120635 _cDEPO2 _jL-15882 |
|
| 942 |
_2udc _cMONOGRAFIA _n0 |
||
| 999 |
_c8489 _d8489 |
||